| 000 | 00921nac a22002651i 4500 | ||
|---|---|---|---|
| 003 | EG-ScBUE | ||
| 005 | 20240310150359.0 | ||
| 008 | 240310t1959 nju f 000 0 eng d | ||
| 035 | _a(OCoLC)391513 | ||
| 040 |
_aEG-ScBUE _beng _erda _cEG-ScBUE _dEG-ScBUE |
||
| 082 | 0 | 4 |
_a940.1082 _bDOW _222 |
| 100 | 1 |
_aDowns, Norton, _eauthor. |
|
| 245 | 1 | 0 |
_aBasic documents in medieval history / _cNorton Downs, associate professor of history, Trinity College, Hartford, Connecticut. |
| 264 | 1 |
_aPrinceton, New Jersey : _bVan Nostrand Company, Inc, _c[1959] |
|
| 264 | 4 | _cc1959 | |
| 300 |
_a189 pages ; _c19 cm. |
||
| 336 |
_2rdacontent _atext _btxt |
||
| 337 |
_aunmediated _2rdamedia _bn |
||
| 338 |
_avolume _bnc _2rdacarrier |
||
| 490 | 0 |
_aAn Anvil original ; _vno. 38 |
|
| 650 | 7 |
_aMiddle Ages _xHistory _xSources. _2BUEsh |
|
| 655 | _vReading book | ||
| 942 |
_cBB _2ddc |
||
| 999 |
_c2967 _d2967 |
||